000 00541nam a2200169 i 4500
001 73087
003 ES-MaACL
005 20230906171651.0
007 t|
008 040906s1959 sp ||||1| spa d
100 1 _aGolobardes Vila, Miguel.
_957712
245 1 0 _aPeralada
_b: condado, villa, palacio /
_cpor Miguel Golobardes Vila.
260 _aPeralada :
_bBiblioteca Palacio Peralada,
_c1959 (
_fTrayter)
300 _a172 p., 3 lám. :
_bil. ;
_c21 cm.
651 4 _aPeralada-
_xHistoria.
_9157584
852 _aES-MaACL
_jC-16627
_bR.45065
999 _c73087
_d73087